| 000 | 00696nam a2200205 a 4500 | ||
|---|---|---|---|
| 005 | 20240920064217.0 | ||
| 008 | 991125s1968 ag 000 0 spa u | ||
| 035 | _aUPN01000043869 | ||
| 049 | _aCG | ||
| 050 | 4 |
_aLB1607 _bB7.68 |
|
| 100 | 1 | _aBrow, Hugh S. | |
| 245 | 1 | 0 |
_aPautas de la enseñanza superior : _borganización y desarrollo en los Estados Unidos / _cHugh S. Brow, Lewis B. Mayhew ; tr. Silvia Arrau. |
| 260 |
_aBuenos Aires : _bTroquel, _c1968. |
||
| 300 | _a149 p. | ||
| 440 | 0 | _aBiblioteca de la nueva educación | |
| 650 | 4 |
_aEducación _zEstados Unidos _9803 |
|
| 650 | 4 |
_aEDUCACION SECUNDARIA - _zESTADOS UNIDOS _914527 |
|
| 700 | 1 |
_aMayhew, Lewis B., _ecoaut. |
|
| 905 | _aLibro | ||
| 999 |
_c43869 _d43869 |
||